[Event "Detroit op"]
[Site "Detroit"]
[Date "2003.02.15"]
[Round "3"]
[White "Smith, Chris"]
[Black "Mc Guckin, Connor"]
[Result "1-0"]
[WhiteElo "1035"]
[BlackElo "770"]
[PlyCount "81"]
[EventDate "2003.02.15"]
[EventType "swiss"]
[EventRounds "4"]
[EventCountry "USA"]
[SourceTitle "EXT 2007"]
[Source "ChessBase"]
[SourceDate "2006.11.23"]
[SourceVersion "1"]
[SourceVersionDate "2006.11.23"]
[SourceQuality "1"]

1. e4 e5 2. Nf3 Nc6 3. d4 d6 4. d5 Nd4 5. Nxd4 exd4 6. Qxd4 Nf6 7. Nc3 c5 8. dxc6 bxc6 9. Bg5 c5 10. Qe3 Be7 11. Bc4 0-0 12. 0-0 Ng4 13. Bxe7 Qxe7 14. Qf3 Be6 15. Nd5 Qb7 16. b3 Ne5 17. Qg3 Bxd5 18. Bxd5 Qb8 19. Bxa8 Qxa8 20. Rfe1 Re8 21. f4 Qb8 22. fxe5 dxe5 23. Rad1 Rd8 24. Rxd8+ Qxd8 25. Qxe5 h6 26. Qxc5 Qd2 27. Qf2 Qa5 28. c4 a6 29. Rd1 f6 30. a4 Qb4 31. Qg3 Qc5+ 32. Kf1 Qc6 33. Qf3 Qe6 34. Rd8+ Kh7 35. Qf5+ Qxf5+ 36. exf5 g6 37. Rd7+ Kg8 38. fxg6 h5 39. c5 Kf8 40. c6 Ke8 41. Ra7 1-0